000 00611nam a2200241Ia 4500
003 OSt
005 20221005081517.0
006 a|||||r|||| 00| 0
007 ta
008 221004b |||||||| |||| 00| 0 eng d
024 _a61805
037 _cTextual
040 _aCRL
_cCRL
_beng
041 _2eng
_aeng
082 _aS:34, N8
100 _aSrivastava Sumitra
245 0 _aUnderstanding stress
260 _aNew Delhi
_bRegency Publications
_c1998
300 _a164p.
_ccm.
650 _aPSYCHOLOGY
942 _hS:34, N8
_cTEXL
_2cc
999 _c987806
_d987806